| 000 | 00414nam a22001697a 4500 | ||
|---|---|---|---|
| 003 | koha_MIRAKIL | ||
| 005 | 20241018130408.0 | ||
| 008 | 231213b |||||||| |||| 00| 0 ||| d | ||
| 040 |
_aTR-IsEVY _btur _cTR-IsEVY |
||
| 082 | _a531 SOH | ||
| 100 | _aSOHN, EMILY. | ||
| 245 | 0 | _aBALANCE AND MOTIN TOYING WITH GRAVITY. | |
| 260 |
_bNorwood, _c2011 |
||
| 300 | _a24. | ||
| 650 | _aİngiliz Dili. | ||
| 942 |
_2ddc _cBK |
||
| 999 |
_c5648 _d5648 |
||